Rich dad, poor dad for teens : (Record no. 9921)

MARC details
000 -LEADER
fixed length control field 01435cam a22003494a 4500
001 - CONTROL NUMBER
control field 9921
003 - CONTROL NUMBER IDENTIFIER
control field FISKH
005 - DATE AND TIME OF LATEST TRANSACTION
control field 20260317092230.0
008 - FIXED-LENGTH DATA ELEMENTS--GENERAL INFORMATION
fixed length control field 040316s2004 nyu j 000 0 eng
010 ## - LIBRARY OF CONGRESS CONTROL NUMBER
LC control number 2004006069
020 ## - INTERNATIONAL STANDARD BOOK NUMBER
International Standard Book Number 0446693219
Qualifying information pbk.
020 ## - INTERNATIONAL STANDARD BOOK NUMBER
International Standard Book Number 9780446693219
Qualifying information (pbk.)
020 ## - INTERNATIONAL STANDARD BOOK NUMBER
International Standard Book Number 9781612681139
035 ## - SYSTEM CONTROL NUMBER
System control number 13524333
040 ## - CATALOGING SOURCE
Original cataloging agency DLC
Transcribing agency DLC
Modifying agency DLC
Language of cataloging eng
050 00 - LIBRARY OF CONGRESS CALL NUMBER
Classification number HG179
Item number .K5648 2004
082 00 - DEWEY DECIMAL CLASSIFICATION NUMBER
Classification number 332.024/00835
Edition number 22
100 1# - MAIN ENTRY--PERSONAL NAME
Personal name Kiyosaki, Robert T.,
Dates associated with a name 1947-
245 10 - TITLE STATEMENT
Title Rich dad, poor dad for teens :
Remainder of title the secrets about money - that you don't learn in school! /
Statement of responsibility, etc. by Robert T. Kiyosaki with Sharon L. Lechter.
250 ## - EDITION STATEMENT
Edition statement This edition published in 2022
260 ## - PUBLICATION, DISTRIBUTION, ETC.
Place of publication, distribution, etc. New York :
Name of publisher, distributor, etc. Warner Books,
Date of publication, distribution, etc. 1997
300 ## - PHYSICAL DESCRIPTION
Extent 348 pages :
Other physical details 18 cm
520 ## - SUMMARY, ETC.
Summary, etc. Taking to heart the message that the poor and middle class work for money, but the rich have money work for them, the author lays out a financial philosophy based on the principle that income-generating assets always provide healthier bottom-line results.<br/>
650 #0 - SUBJECT ADDED ENTRY--TOPICAL TERM
Topical term or geographic name entry element Finance, Personal
Form subdivision Juvenile literature.
650 #0 - SUBJECT ADDED ENTRY--TOPICAL TERM
Topical term or geographic name entry element Entrepreneurship
Form subdivision Juvenile literature.
650 #0 - SUBJECT ADDED ENTRY--TOPICAL TERM
Topical term or geographic name entry element Investments
Form subdivision Juvenile literature.
650 #0 - SUBJECT ADDED ENTRY--TOPICAL TERM
Topical term or geographic name entry element Wealth
Form subdivision Juvenile literature.
655 #7 - INDEX TERM--GENRE/FORM
Genre/form data or focus term Literature.
Source of term lcgft
Authority record control number or standard number https://id.loc.gov/authorities/genreForms/gf2014026415
906 ## - LOCAL DATA ELEMENT F, LDF (RLIN)
a 7
b cbc
c orignew
d 1
e ecip
f 20
g y-gencatlg
942 ## - ADDED ENTRY ELEMENTS (KOHA)
Source of classification or shelving scheme Dewey Decimal Classification
Koha item type Books
Suppress in OPAC No
Holdings
Withdrawn status Lost status Source of classification or shelving scheme Damaged status Not for loan Collection Home library Current library Shelving location Date acquired Total Checkouts Full call number Barcode Date last seen Copy number Price effective from Koha item type
    Dewey Decimal Classification     Non-Fiction Footprints International School Library Network Toul Kork Campus Footprints International School Library Network Toul Kork Campus A TK Campus, 4th Floor, Room B401, Non-Fiction Bookcases(7-8) 03/17/2026   KIY 332.024 HG179 .K565 2026-0326 03/17/2026 1 03/17/2026 Books